| Tag |
First Indicator |
Second Indicator |
Subfields |
| LEADER |
00000cam a2200000 a 4500 |
| 001 |
in00000855403 |
| 005 |
20151019071646.0 |
| 008 |
851020s1985 dcuk s f00010 eng d |
| 010 |
|
|
|a gp 86000109
|
| 020 |
|
|
|c $2.75
|
| 035 |
|
|
|a (OCoLC)12705369
|
| 035 |
|
|
|9 AED6485AM
|
| 040 |
|
|
|a PGP
|c PGP
|d GPO
|d UtOrBLW
|
| 043 |
|
|
|a n-us---
|
| 074 |
|
|
|a 133
|
| 086 |
0 |
|
|a C 3.255/3-3:RC 82-I-3
|
| 088 |
|
|
|a RC 82-I-3
|
| 090 |
|
|
|a HF5429.3
|b .C456 1982
|
| 130 |
0 |
|
|a Census of retail trade (1982)
|
| 245 |
1 |
0 |
|a 1982 census of retail trade.
|p Industry series.
|p Merchandise line sales, United States.
|
| 264 |
|
1 |
|a Washington, D.C. :
|b U.S. Dept. of Commerce, Bureau of the Census :
|c 1985.
|
| 264 |
|
2 |
|a Washington, D.C. :
|b For sale by Supt. of Docs., U.S. G.P.O.,
|
| 300 |
|
|
|a 1 volume (various pagings) :
|b 1 form ;
|c 28 cm.
|
| 336 |
|
|
|a text
|b txt
|2 rdacontent
|
| 337 |
|
|
|a unmediated
|b n
|2 rdamedia
|
| 338 |
|
|
|a volume
|b nc
|2 rdacarrier
|
| 500 |
|
|
|a Shipping list: 85-909 P.
|
| 500 |
|
|
|a "Issued August 1985."
|
| 500 |
|
|
|a "RC82-I-3."
|
| 650 |
|
0 |
|a Retail trade
|z United States
|x Statistics.
|
| 710 |
1 |
|
|a United States.
|b Bureau of the Census.
|
| 740 |
0 |
|
|a Industry series, merchandise line sales, United States.
|
| 740 |
0 |
|
|a Merchandise line sales, United States.
|
| 999 |
|
|
|a MARS
|
| 999 |
f |
f |
|s d9d3d987-c80e-37a2-ba14-7ce3b9a65902
|i aa13821b-0d3b-3347-8364-24aac2f780a8
|t 0
|
| 952 |
f |
f |
|p noncirc
|a Texas A&M University
|b College Station
|c Sterling C. Evans Library
|d Evans: US Documents (Annex 5th floor)
|t 0
|e C 3.255/3-3:RC 82-I-3
|h Superintendent of Documents classification
|i unmediated -- volume
|m A14823265561
|
| 998 |
f |
f |
|a C 3.255/3-3:RC 82-I-3
|t 0
|l Evans: US Documents (Annex 5th floor)
|